عرض عادي
عرض مارك
- Frank, Robert G.,
مدخل إسم شخص
001 - رقم الضبط
- حقل الضبط: 52342
003 - معرف رقم الضبط
- حقل الضبط: OSt
005 - تاريخ ووقت أخر عملية
- حقل الضبط: 20151013204002.0
008 - عناصر بيانات ثابتة الطول
- حقل تحكم ثابت الطول: 151013|| aca||aabn | a|a d
040 ## - مصدر الفهرسة
- هيئة الفهرسة الأصلية: OSt
- وكالة الكتابة: OSt
100 ## - مدخل -- أسم شخص
- إسم شخص: Frank, Robert G.,
- تواريخ مرتبطة بالاسم: 1952-
670 ## - بيانات المصدر موجوده
- الاستشهاد بالمصدر: Work cat.: (OSt)0: Handbook of rehabilitation psychology /, c2010.
